[Event "Albena BUL, Team Ch 2011 GrB Men"]
[Site "Albena BUL"]
[Date "2011.06.03"]
[Round "3.3"]
[White "Kirchev, Krasimir"]
[Black "Yotov, Hristo"]
[Result "1/2-1/2"]
[WhiteElo "2037"]
[BlackElo "1987"]
[PlyCount "62"]
[EventDate "2011.06.02"]
[EventType "team"]
[EventRounds "9"]
[EventCountry "BUL"]

1. d4 d5 2. e3 Nf6 3. c4 c6 4. Qc2 e6 5. Nc3 Be7 6. Nf3 O-O 7. b3 Nbd7 8. Bd3
b6 9. O-O Bb7 10. Bb2 Rc8 11. Qe2 c5 12. Rfd1 cxd4 13. exd4 Bb4 14. a3 Bxc3 15.
Bxc3 Qc7 16. Rac1 Rfd8 17. Bb2 Qf4 18. Qe3 Qxe3 19. fxe3 dxc4 20. Rxc4 Bd5 21.
Rxc8 Rxc8 22. b4 Ne4 23. Rc1 Rxc1+ 24. Bxc1 f6 25. Nd2 Nxd2 26. Bxd2 f5 27. Be1
Bc6 28. b5 Bd5 29. Bg3 Kf7 30. Bd6 g6 31. Kf2 Kf6 1/2-1/2

[Event "Albena BUL, Team Ch 2011 GrB Men"]
[Site "Albena BUL"]
[Date "2011.06.03"]
[Round "3.3"]
[White "Kirjakov, Toma"]
[Black "Bozov, Ahmet"]
[Result "0-1"]
[WhiteElo "2182"]
[BlackElo "2101"]
[PlyCount "44"]
[EventDate "2011.06.02"]
[EventType "team"]
[EventRounds "9"]
[EventCountry "BUL"]

1. c4 e5 2. a3 Nc6 3. b4 a5 4. b5 Nce7 5. Bb2 Ng6 6. e3 Nf6 7. Nf3 d6 8. d4
exd4 9. Nxd4 Be7 10. g3 Bg4 11. Qc2 Ne5 12. Bg2 Qc8 13. h3 Bd7 14. f4 Ng6 15.
Nc3 O-O 16. Kf2 Re8 17. Rac1 Bd8 18. Nce2 c5 19. Nb3 Bf5 20. Qc3 a4 21. Nd2 Ba5
22. g4 Bxc3 0-1

[Event "Albena BUL, Team Ch 2011 GrB Men"]
[Site "Albena BUL"]
[Date "2011.06.03"]
[Round "3.3"]
[White "Ninov, Ventsislav"]
[Black "Kostov, Galin"]
[Result "0-1"]
[WhiteElo "2289"]
[BlackElo "2190"]
[PlyCount "108"]
[EventDate "2011.06.02"]
[EventType "team"]
[EventRounds "9"]
[EventCountry "BUL"]

1. e4 e6 2. d4 d5 3. e5 c5 4. Qg4 cxd4 5. Nf3 Nc6 6. Bd3 f5 7. Qg3 Qb6 8. a3 a5
9. O-O Bd7 10. Re1 O-O-O 11. b4 h6 12. bxa5 Qxa5 13. Nbd2 g5 14. Nb3 Qa4 15.
Bb2 Nge7 16. Nfxd4 Nxd4 17. Bxd4 Nc6 18. Bb6 Re8 19. Nc5 Bxc5 20. Bxc5 Qf4 21.
Rab1 Qxg3 22. hxg3 f4 23. c4 Ne7 24. Rec1 Bc6 25. Rb4 fxg3 26. fxg3 d4 27. Rf1
Nf5 28. Bxf5 exf5 29. Bxd4 Be4 30. g4 Rhf8 31. Bc5 Rf7 32. Bd6 f4 33. Rb3 Kd7
34. Kf2 Ke6 35. Re1 Bg6 36. Rb6 Rc8 37. Bc7+ Ke7 38. e6 Rh7 39. Bd6+ Ke8 40. e7
Rxc4 41. Rxb7 Rc2+ 42. Re2 Rc8 43. Bb4 h5 44. gxh5 Bxh5 45. Re6 g4 46. Rf6 g3+
47. Ke1 Bf7 48. Rxf4 Rh2 49. Rd4 Bh5 50. Rf4 Bf7 51. Ke2 Rxg2+ 52. Kf3 Bd5+ 53.
Ke3 Bxb7 54. Rf8+ Kd7 0-1

[Event "Albena BUL, Team Ch 2011 GrB Men"]
[Site "Albena BUL"]
[Date "2011.06.03"]
[Round "3.3"]
[White "Vasilev, Vergil"]
[Black "Gochev, Plamen"]
[Result "1/2-1/2"]
[WhiteElo "2005"]
[BlackElo "1995"]
[PlyCount "64"]
[EventDate "2011.06.02"]
[EventType "team"]
[EventRounds "9"]
[EventCountry "BUL"]

1. d4 Nf6 2. Nf3 e6 3. e3 c5 4. Bd3 d5 5. c3 Nbd7 6. Nbd2 Be7 7. O-O O-O 8. Re1
Qc7 9. e4 dxe4 10. Nxe4 Nxe4 11. Rxe4 b6 12. Bf4 Qd8 13. Ne5 Nxe5 14. dxe5 Qc7
15. Qh5 g6 16. Qh6 Rd8 17. Re3 Bf8 18. Qh4 Be7 19. Bg5 Bxg5 20. Qxg5 Bb7 21. h4
c4 22. Be4 Bxe4 23. Rxe4 Rd3 24. h5 b5 25. Rae1 Qd8 26. Qg4 Qe7 27. Rf4 Rad8
28. Rf6 R8d5 29. Qg5 Rd1 30. Rxd1 Rxd1+ 31. Kh2 Qd8 32. Qf4 Qd7 1/2-1/2

[Event "Albena BUL, Team Ch 2011 GrB Men"]
[Site "Albena BUL"]
[Date "2011.06.03"]
[Round "3.3"]
[White "Yotov, Yoto"]
[Black "Ribarov, Plamen"]
[Result "1/2-1/2"]
[WhiteElo "2026"]
[BlackElo "2068"]
[PlyCount "74"]
[EventDate "2011.06.02"]
[EventType "team"]
[EventRounds "9"]
[EventCountry "BUL"]

1. d4 d5 2. Nf3 Nf6 3. g3 Bg4 4. Ne5 Bh5 5. Bg2 e6 6. O-O Bd6 7. c4 c6 8. cxd5
exd5 9. Bg5 Nbd7 10. Nxd7 Qxd7 11. Bxf6 gxf6 12. Qd3 O-O 13. Nc3 Rfe8 14. a3 a5
15. Rfe1 Rad8 16. e3 Bf8 17. Ne2 Bd6 18. Rac1 Bg6 19. Qc3 Ra8 20. Nf4 a4 21.
Nxg6 hxg6 22. e4 dxe4 23. Rxe4 Kg7 24. Rxe8 Rxe8 25. Qc4 Qf5 26. Bf1 Qa5 27.
Qc3 Qb6 28. Bd3 Bb8 29. Bc2 Ba7 30. Rd1 Rd8 31. Bxa4 Rxd4 32. Rxd4 Qxd4 33. Qc2
b5 34. Bb3 c5 35. Ba2 c4 36. a4 c3 37. bxc3 Qxa4 1/2-1/2

[Event "Albena BUL, Team Ch 2011 GrB Men"]
[Site "Albena BUL"]
[Date "2011.06.03"]
[Round "3.4"]
[White "Kamenov, Gerasim"]
[Black "Petrov, Valeri"]
[Result "1-0"]
[WhiteElo "2124"]
[BlackElo "1996"]
[PlyCount "32"]
[EventDate "2011.06.02"]
[EventType "team"]
[EventRounds "9"]
[EventCountry "BUL"]

1. Nf3 d5 2. d4 c6 3. g3 Bf5 4. Bg2 e6 5. O-O Nf6 6. b3 Ng4 7. Na3 Bd6 8. c3
Na6 9. Bb2 c5 10. Nb5 Bb8 11. a4 O-O 12. Ba3 Qb6 13. dxc5 Nxc5 14. Nbd4 Be4 15.
a5 Qa6 16. Bxc5 Rc8 1-0

[Event "Albena BUL, Team Ch 2011 GrB Men"]
[Site "Albena BUL"]
[Date "2011.06.03"]
[Round "3.4"]
[White "Stoynov, Yordan"]
[Black "Mladenov, Emil"]
[Result "1-0"]
[WhiteElo "2240"]
[BlackElo "2157"]
[PlyCount "89"]
[EventDate "2011.06.02"]
[EventType "team"]
[EventRounds "9"]
[EventCountry "BUL"]

1. e4 d5 2. exd5 Qxd5 3. Nc3 Qa5 4. d4 c6 5. Bc4 Nf6 6. Bb3 Bf5 7. Nf3 e6 8.
Bd2 Bb4 9. Ne5 Nbd7 10. Qe2 Nxe5 11. dxe5 Nd5 12. Nxd5 Bxd2+ 13. Qxd2 Qxd2+ 14.
Kxd2 exd5 15. Ke3 a5 16. a4 O-O-O 17. Rac1 Rhe8 18. Kf4 Be6 19. Rhd1 g5+ 20.
Kg3 c5 21. c3 Kc7 22. Bc2 h6 23. h3 Kc6 24. f4 gxf4+ 25. Kxf4 Rb8 26. g4 Rg8
27. c4 d4 28. b3 Kd7 29. Bf5 Ke7 30. Rd3 Rg7 31. Rg3 b6 32. Rf1 Rf8 33. Ke4 f6
34. Bxe6 Kxe6 35. Rgf3 Rgf7 36. Rf5 fxe5 37. Rxe5+ Kd6 38. Rd5+ Kc6 39. Rxf7
Rxf7 40. h4 Rf2 41. h5 Re2+ 42. Kf5 Rf2+ 43. Kg6 Rd2 44. g5 hxg5 45. h6 1-0

[Event "Albena BUL, Team Ch 2011 GrB Men"]
[Site "Albena BUL"]
[Date "2011.06.03"]
[Round "3.5"]
[White "Danov, Lyubomir"]
[Black "Bonev, Todor"]
[Result "1/2-1/2"]
[WhiteElo "2029"]
[BlackElo "2317"]
[PlyCount "116"]
[EventDate "2011.06.02"]
[EventType "team"]
[EventRounds "9"]
[EventCountry "BUL"]

1. e4 c5 2. c3 Nf6 3. e5 Nd5 4. Nf3 Nc6 5. Bc4 Nb6 6. Bb3 e6 7. d4 Qc7 8. O-O
d5 9. Be3 Be7 10. Nbd2 h6 11. Re1 c4 12. Bc2 Bd7 13. b4 O-O-O 14. Nf1 Rhg8 15.
h3 f5 16. exf6 gxf6 17. Kh1 Bd6 18. Qd2 Ne7 19. a4 Kb8 20. Reb1 a6 21. a5 Nbc8
22. Ba4 Bxa4 23. Rxa4 Na7 24. Re1 h5 25. Ng3 Qd7 26. Raa1 Rh8 27. Bf4 Ng6 28.
Bxd6+ Qxd6 29. Re3 Rdg8 30. Rg1 Nf4 31. Ne2 Nd3 32. Nc1 Nxc1 33. Qxc1 Nb5 34.
Qe1 Nc7 35. Qe2 Rg7 36. Nd2 Rg5 37. Nf1 Rhg8 38. Rg3 Kc8 39. Rxg5 Rxg5 40. Nh2
Nb5 41. Qe3 Rf5 42. Nf3 Rf4 43. Re1 Kd7 44. Kg1 Re4 45. Qd2 Rxe1+ 46. Nxe1 e5
47. dxe5 fxe5 48. Nc2 d4 49. cxd4 exd4 50. Qg5 d3 51. Ne3 d2 52. Qf5+ Kc7 53.
Qc2 c3 54. Kf1 Kb8 55. g4 Qh2 56. Qd3 Qxh3+ 57. Ke2 hxg4 58. Qd8+ Ka7 1/2-1/2

[Event "Albena BUL, Team Ch 2011 GrB Men"]
[Site "Albena BUL"]
[Date "2011.06.03"]
[Round "3.5"]
[White "Danov, Radi"]
[Black "Ivanov, Borislav"]
[Result "1-0"]
[WhiteElo "1812"]
[BlackElo "2225"]
[PlyCount "70"]
[EventDate "2011.06.02"]
[EventType "team"]
[EventRounds "9"]
[EventCountry "BUL"]

1. e4 c5 2. Nf3 d6 3. d4 cxd4 4. Nxd4 Nf6 5. Nc3 a6 6. Bc4 e6 7. O-O Bd7 8. Bb3
Nc6 9. Be3 Be7 10. f4 O-O 11. f5 Nxd4 12. Bxd4 Qc7 13. Qf3 b5 14. a3 Qb7 15. g4
h6 16. h4 exf5 17. gxf5 Rae8 18. Nd5 Kh7 19. e5 Nxd5 20. Bxd5 Qc8 21. Be4 Kh8
22. f6 gxf6 23. Qh5 Rg8+ 24. Kh1 Bf8 25. Rxf6 Re6 26. Rxe6 Bxe6 27. exd6+ Rg7
28. Rg1 Kg8 29. Bxg7 Bxg7 30. Qxh6 Bg4 31. Qf4 f5 32. Bf3 Bxf3+ 33. Qxf3 Kf7
34. Rf1 Qxc2 35. Qd5+ Kf8 1-0

[Event "Albena BUL, Team Ch 2011 GrB Men"]
[Site "Albena BUL"]
[Date "2011.06.03"]
[Round "3.5"]
[White "Nenkov, Ljudmil"]
[Black "Pantev, Veselin"]
[Result "0-1"]
[WhiteElo "2294"]
[BlackElo "2381"]
[PlyCount "98"]
[EventDate "2011.06.02"]
[EventType "team"]
[EventRounds "9"]
[EventCountry "BUL"]

1. Nf3 Nf6 2. g3 d5 3. Bg2 Bf5 4. d3 e6 5. Nh4 Bg4 6. h3 Bh5 7. g4 Nfd7 8. Nf3
Bg6 9. Nbd2 Be7 10. c4 c6 11. Qb3 Qb6 12. cxd5 cxd5 13. Qxb6 Nxb6 14. Nb3 Nc6
15. Be3 Na4 16. O-O-O f6 17. Kb1 Kd7 18. Rc1 Bf7 19. Nfd4 Nxd4 20. Nxd4 Rhc8
21. b3 Nc5 22. Rc2 Kd8 23. f4 a5 24. Rhc1 Nd7 25. f5 exf5 26. gxf5 Rxc2 27.
Rxc2 Bc5 28. Nc6+ bxc6 29. Bxc5 Nxc5 30. Rxc5 Kc7 31. Bf3 Kb6 32. d4 g5 33. Kc2
Rg8 34. Kd3 h5 35. Rc1 g4 36. hxg4 hxg4 37. Bg2 Rg5 38. e4 dxe4+ 39. Bxe4 Bd5
40. Rg1 g3 41. Ke3 Kb5 42. Bxd5 cxd5 43. a3 g2 44. Kf3 Rxf5+ 45. Kxg2 Rg5+ 46.
Kf2 Rxg1 47. Kxg1 a4 48. bxa4+ Kxa4 49. Kf2 Kxa3 0-1

[Event "Albena BUL, Team Ch 2011 GrB Men"]
[Site "Albena BUL"]
[Date "2011.06.03"]
[Round "3.5"]
[White "Vlashki, Nino"]
[Black "Asparuhov, Parvan"]
[Result "0-1"]
[WhiteElo "2243"]
[BlackElo "2077"]
[PlyCount "90"]
[EventDate "2011.06.02"]
[EventType "team"]
[EventRounds "9"]
[EventCountry "BUL"]

1. Nf3 d5 2. g3 c6 3. Bg2 Nf6 4. O-O Bf5 5. d3 e6 6. c4 h6 7. Nc3 Nbd7 8. Be3
Bc5 9. Bxc5 Nxc5 10. b4 Ncd7 11. cxd5 cxd5 12. Nd4 Bg6 13. e4 Qb6 14. Nde2 dxe4
15. dxe4 Bh5 16. e5 Nxe5 17. Qa4+ Nfd7 18. Nf4 Bf3 19. Bxf3 Nxf3+ 20. Kg2 Nfe5
21. Rfd1 Rc8 22. Ne4 Rc6 23. Nc5 Nxc5 24. bxc5 Qxc5 25. Rab1 O-O 26. Rxb7 a6
27. Rd2 Qc3 28. Qd1 Qa5 29. Re2 Rcc8 30. Qd4 Rc5 31. Kh3 Qd8 32. Qxd8 Rxd8 33.
Ra7 a5 34. Rb2 Rdc8 35. Kg2 Nc6 36. Ra6 Nb4 37. Ra7 e5 38. Nh3 R8c7 39. Ra8+
Kh7 40. a3 Nc2 41. Rb3 f5 42. Rf8 Nd4 43. Re3 Rb7 44. Rd8 Nc2 45. Re2 Nxa3 0-1

[Event "Albena BUL, Team Ch 2011 GrB Men"]
[Site "Albena BUL"]
[Date "2011.06.03"]
[Round "3.5"]
[White "Vutov, Mario"]
[Black "Nikolov, Jordan"]
[Result "1-0"]
[WhiteElo "2342"]
[BlackElo "2094"]
[PlyCount "111"]
[EventDate "2011.06.02"]
[EventType "team"]
[EventRounds "9"]
[EventCountry "BUL"]

1. e4 e5 2. Nf3 Nc6 3. Bb5 f5 4. Bxc6 bxc6 5. Qe2 fxe4 6. Qxe4 Nf6 7. Qxe5+ Be7
8. O-O O-O 9. d3 d5 10. Bg5 Bd6 11. Qd4 Qe8 12. Nbd2 c5 13. Qh4 Qg6 14. Rfe1
Rb8 15. Bxf6 Rxf6 16. b3 h6 17. Ne5 Qf5 18. Ndf3 Rb4 19. c4 Be6 20. Re2 a5 21.
Rae1 a4 22. Nc6 g5 23. Nfd4 Qg6 24. Qg3 cxd4 25. Ne5 Qf5 26. h4 Qf4 27. Qxf4
gxf4 28. Nc6 Bf5 29. Nxb4 Bxb4 30. Rd1 dxc4 31. bxc4 Re6 32. Rxe6 Bxe6 33. Kf1
a3 34. Rb1 c5 35. Ke2 Bg4+ 36. f3 Bf5 37. g3 fxg3 38. Rg1 Kf7 39. Rxg3 Ba5 40.
Rg1 Bd8 41. h5 Bg5 42. Rb1 Ke6 43. Rb6+ Kd7 44. Ra6 Bc1 45. Kd1 Bg5 46. Rxa3
Be6 47. Ra7+ Ke8 48. a4 Bf7 49. a5 Bxh5 50. Ke2 Kd8 51. a6 Kc8 52. Re7 Kb8 53.
Re5 Ka7 54. Rxc5 Be8 55. Re5 Bc6 56. c5 1-0

[Event "Albena BUL, Team Ch 2011 GrB Men"]
[Site "Albena BUL"]
[Date "2011.06.04"]
[Round "4.1"]
[White "Karakehajov, Kalin"]
[Black "Pantev, Veselin"]
[Result "1-0"]
[WhiteElo "2493"]
[BlackElo "2381"]
[PlyCount "79"]
[EventDate "2011.06.02"]
[EventType "team"]
[EventRounds "9"]
[EventCountry "BUL"]

1. e4 c6 2. d4 d5 3. exd5 cxd5 4. c3 Nf6 5. Bf4 Nc6 6. Nf3 g6 7. Bd3 Bg7 8. O-O
O-O 9. Re1 Qb6 10. Qb3 Qxb3 11. axb3 Bg4 12. Nbd2 Bxf3 13. Nxf3 e6 14. b4 a6
15. h3 Nd7 16. b5 axb5 17. Bxb5 Rfc8 18. Nd2 Bf8 19. Nb3 h5 20. Na5 Nxa5 21.
Bxd7 Rd8 22. Bb5 Nc6 23. b4 Rac8 24. g4 hxg4 25. hxg4 Bd6 26. Bg5 Be7 27. Bd2
Ra8 28. Kg2 Kg7 29. Rh1 f6 30. Bf4 g5 31. Bg3 Rh8 32. Rxh8 Rxa1 33. Rc8 Na7 34.
Ra8 Ra3 35. Bd7 Kf7 36. Be8+ Kg7 37. Rb8 Rxc3 38. Rxb7 Nc8 39. Bd7 Kf7 40. Bxc8
1-0

[Event "Albena BUL, Team Ch 2011 GrB Men"]
[Site "Albena BUL"]
[Date "2011.06.04"]
[Round "4.2"]
[White "Mladenov, Emil"]
[Black "Danov, Lyubomir"]
[Result "1-0"]
[WhiteElo "2157"]
[BlackElo "2029"]
[PlyCount "76"]
[EventDate "2011.06.02"]
[EventType "team"]
[EventRounds "9"]
[EventCountry "BUL"]

1. e4 c5 2. g3 g6 3. Bg2 Nc6 4. Ne2 Bg7 5. O-O d6 6. c3 e5 7. d3 Nge7 8. Be3
O-O 9. Qd2 Be6 10. d4 Bc4 11. d5 Nb8 12. Na3 Bxe2 13. Qxe2 Nd7 14. b4 b6 15.
Nc4 Qc7 16. a4 f5 17. f3 h6 18. Ra2 a6 19. Qd3 Nf6 20. bxc5 bxc5 21. Rb1 Rab8
22. Rab2 Rxb2 23. Rxb2 Rb8 24. Qb1 Rxb2 25. Qxb2 Nc8 26. Kf1 fxe4 27. fxe4 Nd7
28. a5 Na7 29. Ke2 Nb5 30. Kd3 Kh7 31. Bh3 h5 32. Be6 Nf8 33. Bh3 Nd7 34. Qe2
Bh6 35. Qf3 Nb8 36. Bxh6 Kxh6 37. Qf8+ Kh7 38. Be6 g5 1-0

[Event "Albena BUL, Team Ch 2011 GrB Men"]
[Site "Albena BUL"]
[Date "2011.06.04"]
[Round "4.2"]
[White "Petrov, Valeri"]
[Black "Danov, Radi"]
[Result "0-1"]
[WhiteElo "1996"]
[BlackElo "1812"]
[PlyCount "74"]
[EventDate "2011.06.02"]
[EventType "team"]
[EventRounds "9"]
[EventCountry "BUL"]

1. e4 c5 2. Nf3 d6 3. c3 Nf6 4. e5 dxe5 5. Nxe5 Nbd7 6. Bb5 a6 7. Nxd7 Bxd7 8.
Bxd7+ Qxd7 9. O-O e6 10. Qf3 Be7 11. d3 O-O 12. Rd1 Rfd8 13. Bg5 Qd5 14. Qxd5
Rxd5 15. Be3 b5 16. a4 b4 17. Kf1 Rad8 18. Ke2 Ng4 19. h3 Ne5 20. d4 cxd4 21.
cxd4 Nc6 22. b3 e5 23. Nd2 exd4 24. Bf4 d3+ 25. Kf1 Nd4 26. Rac1 Ne2 27. Rc4 a5
28. Bc7 Re8 29. Ne4 f5 30. Nd2 Bf6 31. Rc6 Rc8 32. Rc4 Re8 33. Rc6 Nc3 34. Re1
Re2 35. Rxe2 dxe2+ 36. Ke1 Bg5 37. f4 Bh4+ 0-1

[Event "Albena BUL, Team Ch 2011 GrB Men"]
[Site "Albena BUL"]
[Date "2011.06.04"]
[Round "4.3"]
[White "Kostov, Galin"]
[Black "Trickov, Vasil"]
[Result "0-1"]
[WhiteElo "2190"]
[BlackElo "2328"]
[PlyCount "126"]
[EventDate "2011.06.02"]
[EventType "team"]
[EventRounds "9"]
[EventCountry "BUL"]

1. d4 d5 2. c4 c6 3. Nf3 Nf6 4. Nc3 dxc4 5. a4 Bf5 6. e3 e6 7. Bxc4 Bb4 8. O-O
O-O 9. Qe2 Bg6 10. Rd1 Nbd7 11. Ne5 Qe7 12. Nxg6 hxg6 13. e4 e5 14. d5 a5 15.
dxc6 bxc6 16. f3 Rab8 17. Be3 Bc5 18. Rd2 Rb4 19. Ba2 Rfb8 20. Nd1 Bd4 21. Bxd4
exd4 22. Nf2 Kf8 23. Rc1 c5 24. Nd3 Rxa4 25. b3 Ra3 26. Rdc2 Kg8 27. Nxc5 Rxa2
28. Nxd7 Rxc2 29. Nxf6+ Qxf6 30. Qxc2 Qb6 31. Kf1 Qxb3 32. Qxb3 Rxb3 33. Ra1 d3
34. Kf2 Rb2+ 35. Ke3 Rxg2 36. Kxd3 Rg5 37. Rc1 f6 38. Rc7 Rb5 39. Ra7 Rb3+ 40.
Ke2 Ra3 41. Kf2 g5 42. Kg3 Kh7 43. h3 Ra1 44. h4 gxh4+ 45. Kxh4 a4 46. Kg4 Kg6
47. Kf4 a3 48. Ra5 a2 49. Ra8 Kh7 50. Ra7 Kh6 51. Ra8 g6 52. Rh8+ Kg7 53. Ra8
g5+ 54. Kf5 Rf1 55. Rxa2 Rxf3+ 56. Ke6 g4 57. Kd6 g3 58. Rg2 Kg6 59. e5 Rd3+
60. Ke6 Re3 61. Kd6 fxe5 62. Ke6 Kg5 63. Ra2 Kf4 0-1

[Event "Albena BUL, Team Ch 2011 GrB Men"]
[Site "Albena BUL"]
[Date "2011.06.04"]
[Round "4.3"]
[White "Todorov, Momchil"]
[Black "Kirjakov, Toma"]
[Result "1/2-1/2"]
[WhiteElo "2212"]
[BlackElo "2182"]
[PlyCount "116"]
[EventDate "2011.06.02"]
[EventType "team"]
[EventRounds "9"]
[EventCountry "BUL"]

1. e4 c5 2. Nf3 e6 3. d4 cxd4 4. Nxd4 a6 5. Nc3 Qc7 6. Bd3 b5 7. O-O Bb7 8. Qe2
Nf6 9. Kh1 Nc6 10. Nxc6 Bxc6 11. Bd2 h5 12. e5 Nd5 13. Nxd5 Bxd5 14. f4 Qb7 15.
f5 Rc8 16. fxe6 dxe6 17. a4 Bc4 18. axb5 axb5 19. Bxc4 bxc4 20. Ra4 Rc7 21.
Rfa1 Be7 22. Ra8+ Rc8 23. Qf3 Qxf3 24. Rxc8+ Kd7 25. Ra7+ Kxc8 26. gxf3 Rd8 27.
Bc3 Rd7 28. Ra4 Rc7 29. Kg2 Bg5 30. Kg3 Bc1 31. f4 Be3 32. Kf3 Bg1 33. h3 Kd7
34. Ke4 Bf2 35. Bd4 Bh4 36. Be3 Be7 37. Bb6 Rb7 38. Bd4 Rc7 39. Bc3 Bh4 40. Bd2
Bf2 41. Bb4 Ra7 42. Ra3 Rxa3 43. Bxa3 Kc6 44. Bf8 g6 45. Be7 Kb5 46. Bd6 Bh4
47. Bf8 Bd8 48. Bd6 Ba5 49. Be7 Bd2 50. b3 Bc3 51. Bd6 Bd2 52. Be7 cxb3 53.
cxb3 Bb4 54. Bd8 Bc5 55. Kd3 Kb4 56. Kc2 Be3 57. Be7+ Kb5 58. Bg5 Bf2 1/2-1/2

[Event "Albena BUL, Team Ch 2011 GrB Men"]
[Site "Albena BUL"]
[Date "2011.06.04"]
[Round "4.3"]
[White "Ribarov, Plamen"]
[Black "Stoynov, Ivan"]
[Result "1-0"]
[WhiteElo "2068"]
[BlackElo "2304"]
[PlyCount "109"]
[EventDate "2011.06.02"]
[EventType "team"]
[EventRounds "9"]
[EventCountry "BUL"]

1. d4 g6 2. Nf3 Bg7 3. Bg5 d6 4. e3 Nd7 5. Bd3 Ngf6 6. Nbd2 O-O 7. O-O e5 8. c3
Qe7 9. Qc2 Re8 10. Ne4 h6 11. dxe5 dxe5 12. Bh4 Qe6 13. Qb3 Qxb3 14. axb3 Nxe4
15. Bxe4 f5 16. Bd5+ Kf8 17. Bg3 Nb6 18. Rfd1 g5 19. h3 f4 20. Bh2 c6 21. Be4
Be6 22. c4 Red8 23. Kf1 a6 24. Ke2 Ke7 25. Ne1 Nd7 26. f3 Nf6 27. Bc2 Rxd1 28.
Rxd1 b5 29. c5 Nd5 30. exf4 gxf4 31. Bg1 Nb4 32. Rd6 Kf6 33. Be4 Bf8 34. Rd2
Bxb3 35. Rd7 Be7 36. Kd2 a5 37. Kc3 Be6 38. Rb7 Rd8 39. Ra7 Rd1 40. Bf2 Ra1 41.
Bh4+ Kg7 42. Rxe7+ Bf7 43. Rxe5 Rd1 44. Re7 Na2+ 45. Kc2 Rc1+ 46. Kd2 Rxc5 47.
Nd3 Rh5 48. Bf2 Kf8 49. Rc7 Rg5 50. Nxf4 Nb4 51. h4 Re5 52. Bd4 Re8 53. Bc5+
Kg8 54. Bxb4 axb4 55. Bxc6 1-0

[Event "Albena BUL, Team Ch 2011 GrB Men"]
[Site "Albena BUL"]
[Date "2011.06.04"]
[Round "4.3"]
[White "Stoynov, Yordan"]
[Black "Kirchev, Krasimir"]
[Result "1/2-1/2"]
[WhiteElo "2240"]
[BlackElo "2037"]
[PlyCount "58"]
[EventDate "2011.06.02"]
[EventType "team"]
[EventRounds "9"]
[EventCountry "BUL"]

1. e4 c6 2. d4 d5 3. Nd2 dxe4 4. Nxe4 Nd7 5. Ng5 Ngf6 6. Bd3 e6 7. N1f3 Bd6 8.
O-O h6 9. Ne4 Nxe4 10. Bxe4 Nf6 11. Bd3 O-O 12. Qe2 b6 13. Ne5 Bb7 14. c4 c5
15. f4 cxd4 16. Bd2 a5 17. Rae1 Nd7 18. Nxd7 Qxd7 19. f5 exf5 20. Bxf5 Qc7 21.
Qh5 Rae8 22. Bxh6 Qc6 23. Bh7+ Kxh7 24. Bxg7+ Kxg7 25. Qg5+ Kh7 26. Qh5+ Kg7
27. Qg5+ Kh7 28. Qh5+ Kg7 29. Qg5+ Kh7 1/2-1/2

[Event "Albena BUL, Team Ch 2011 GrB Men"]
[Site "Albena BUL"]
[Date "2011.06.04"]
[Round "4.3"]
[White "Gochev, Plamen"]
[Black "Krastanov, Georgi"]
[Result "1-0"]
[WhiteElo "1995"]
[BlackElo "2131"]
[PlyCount "41"]
[EventDate "2011.06.02"]
[EventType "team"]
[EventRounds "9"]
[EventCountry "BUL"]

1. c4 Nf6 2. Nc3 c5 3. Nf3 e6 4. e3 b6 5. Be2 Be7 6. O-O Bb7 7. d4 cxd4 8. Nxd4
O-O 9. Bf3 Nc6 10. b3 a6 11. Bb2 Qc7 12. Ne4 Ne5 13. Nxf6+ Bxf6 14. Bxb7 Qxb7
15. Qe2 d6 16. Rad1 Be7 17. f4 Nd7 18. Rf3 Qe4 19. Rg3 Nf6 20. Nc2 d5 21. Rd4
1-0

[Event "Albena BUL, Team Ch 2011 GrB Men"]
[Site "Albena BUL"]
[Date "2011.06.04"]
[Round "4.3"]
[White "Kamenov, Gerasim"]
[Black "Sedoev, Nikolay"]
[Result "1/2-1/2"]
[WhiteElo "2124"]
[BlackElo "1954"]
[PlyCount "164"]
[EventDate "2011.06.02"]
[EventType "team"]
[EventRounds "9"]
[EventCountry "BUL"]

1. Nf3 c6 2. d4 Nf6 3. g3 d6 4. Bg2 Nbd7 5. O-O Qc7 6. c4 e5 7. Nc3 Be7 8. b3
O-O 9. Qc2 Re8 10. Bb2 a6 11. Rac1 Bf8 12. e3 h6 13. Rfd1 Nh7 14. h3 Ng5 15.
Nxg5 hxg5 16. Qf5 Be7 17. Qd3 Nf8 18. Kh2 g6 19. b4 Bf5 20. e4 Bd7 21. c5 dxc5
22. dxc5 Rad8 23. Qe3 Be6 24. Bf1 Rxd1 25. Rxd1 Rd8 26. Rxd8 Qxd8 27. Qd3 Qxd3
28. Bxd3 f6 29. Bc1 Bd8 30. a4 Bb3 31. a5 Kf7 32. Kg2 Bc7 33. Kf3 Ke7 34. Be3
Ne6 35. Nb1 Nd8 36. Nd2 Be6 37. Bc4 Bd7 38. Kg2 Ne6 39. Bxe6 Bxe6 40. g4 Ba2
41. Kf1 Ke6 42. f3 Bd8 43. Ke2 Kd7 44. Kd3 Ke6 45. Kc3 Kd7 46. Bf2 Be6 47. Nb1
Be7 48. Nd2 Bd8 49. Nf1 Be7 50. Ne3 Bd8 51. Bg3 Be7 52. Nd1 Bd8 53. Nf2 Bc7 54.
Nd3 Ba2 55. Bf2 Be6 56. Bg3 Ba2 57. h4 gxh4 58. Bxh4 g5 59. Bf2 Be6 60. Nc1 Bd8
61. Ne2 Ke7 62. Ng3 Kf7 63. Be3 Bd7 64. Nf1 Be6 65. Nd2 Be7 66. Nf1 Bd8 67. Ng3
Be7 68. Ne2 Bd8 69. Nc1 Bc7 70. Nd3 Ba2 71. Nb2 Be6 72. Na4 Ke7 73. Nb6 Bd8 74.
Na8 Kf7 75. Bf2 Ke7 76. Nb6 Bc7 77. Be3 Bd8 78. Kd3 Bc7 79. Bg1 Bd8 80. Kc3 Bc7
81. Nc4 Bxc4 82. Kxc4 Kd7 1/2-1/2

[Event "Albena BUL, Team Ch 2011 GrB Men"]
[Site "Albena BUL"]
[Date "2011.06.04"]
[Round "4.4"]
[White "Vasilev, Vasil Aleksandrov"]
[Black "Ninov, Ventsislav"]
[Result "1-0"]
[WhiteElo "2337"]
[BlackElo "2289"]
[PlyCount "71"]
[EventDate "2011.06.02"]
[EventType "team"]
[EventRounds "9"]
[EventCountry "BUL"]

1. Nf3 c6 2. d4 d5 3. e3 Bg4 4. Nbd2 Nd7 5. c4 e6 6. Qb3 Qb6 7. h3 Bh5 8. c5
Qxb3 9. axb3 e5 10. b4 e4 11. g4 Bg6 12. Nh4 a6 13. b5 cxb5 14. Bxb5 Rc8 15.
Be2 Ne7 16. O-O f5 17. f3 Nf6 18. fxe4 fxe4 19. Nb1 Bf7 20. Nc3 Be6 21. Ng2 Ng6
22. b4 Be7 23. b5 axb5 24. Nxb5 O-O 25. Ra7 Rb8 26. Bd2 Rfc8 27. Be1 b6 28. Nh4
Bd8 29. Nxg6 hxg6 30. Bg3 Ra8 31. Rfa1 Rxa7 32. Nxa7 Ra8 33. Bb5 bxc5 34. Bc6
cxd4 35. Bxa8 dxe3 36. Ra6 1-0

[Event "Albena BUL, Team Ch 2011 GrB Men"]
[Site "Albena BUL"]
[Date "2011.06.04"]
[Round "4.4"]
[White "Bozov, Ahmet"]
[Black "Ivelinov, Hristo"]
[Result "0-1"]
[WhiteElo "2101"]
[BlackElo "2236"]
[PlyCount "116"]
[EventDate "2011.06.02"]
[EventType "team"]
[EventRounds "9"]
[EventCountry "BUL"]

1. e4 d6 2. d4 Nf6 3. Nc3 e5 4. Nge2 Nbd7 5. f3 c6 6. a4 h5 7. h4 b6 8. Bg5 a6
9. d5 c5 10. Qd2 Be7 11. Ng3 g6 12. Bc4 Nh7 13. Bxe7 Qxe7 14. O-O-O Nhf6 15.
Kb1 b5 16. axb5 Nb6 17. Bf1 Qa7 18. bxa6 Bxa6 19. Nb5 Bxb5 20. Bxb5+ Ke7 21. c3
Qa2+ 22. Kc2 c4 23. Bc6 Na4 24. Rb1 Nc5 25. Ra1 Qxa1 26. Rxa1 Rxa1 27. Qe2 Nd3
28. Bb5 Rb8 29. Bxc4 Rxb2+ 30. Kxd3 Rxe2 31. Kxe2 Nd7 32. Nf1 Nb6 33. Bd3 Ra2+
34. Nd2 Na4 35. c4 Nc5 36. Bb1 Rb2 37. Kd1 Nb3 38. Bc2 Nxd2 39. Kxd2 Ra2 40.
Kc1 Ra8 41. Kb2 g5 42. hxg5 Rg8 43. Bd3 Rxg5 44. Bf1 Kd8 45. Kc3 Kc7 46. Kd2
Kb6 47. Ke3 Kc5 48. Kf2 h4 49. Be2 Kd4 50. Bf1 Rg8 51. Be2 Rb8 52. Bf1 Rb2+ 53.
Kg1 Ke3 54. Kh2 Rb1 55. c5 Rxf1 56. cxd6 Ra1 57. d7 Ra8 58. Kh3 Kf4 0-1